[Event "I Liga Seniorow"]
[Site "Ustron POL"]
[Date "2008.09.13"]
[Round "8"]
[White "Jaworski,Mi"]
[Black "Szelag,M"]
[Result "1/2-1/2"]
[WhiteElo "2374"]
[BlackElo "2474"]

1.d4 Nf6 2.c4 g6 3.Nf3 Bg7 4.g3 O-O 5.Bg2 d6 6.O-O Nc6 7.Nc3 a6 8.d5 Na5
9.Nd2 c5 10.Rb1 Rb8 11.b3 b5 12.Bb2 Nd7 13.Qc2 e5 14.Nd1 f5 15.f4 Qe7 16.e3 Nb6
17.Bc3 b4 18.Bb2 e4 19.Bxg7 Qxg7 20.Qb2 Nb7 21.Qxg7+ Kxg7 22.g4 a5 23.g5 a4
24.Nf2 Ra8 25.Rb2 Bd7 26.Rfb1 axb3 27.axb3 Ra3 28.Bf1 Rfa8 29.Nd1 Ra2 30.Be2 Rxb2
31.Rxb2 Ra3 32.Kf2 Na5 33.Ke1 Ra1 34.Rc2 Kf7 35.Rb2 Ke7 36.Rc2 Kd8 37.Rb2 Kc7
38.h4 Be8 39.Rc2 Bf7 40.Rb2 Ra3 41.Kf2 Kd8 42.Ke1 Ke7 43.Kf2 Be8 44.Rb1 Bd7
45.h5 Bc8 46.h6 Ba6 47.Rb2 Nxb3 48.Rxb3 Rxb3 49.Nxb3 Bxc4 50.Bxc4 Nxc4 51.Ke2 Nb6
52.Na5 Nxd5 53.Nc4 Ke6 54.Kd2 Ne7 55.Ndb2 Nc6 56.Na4 Nd8  1/2-1/2

[Event "Liga Nacional Ajedrez"]
[Site "Villa Martelli ARG"]
[Date "2008.09.13"]
[Round "6"]
[White "Goldwaser,C"]
[Black "Scalise,L"]
[Result "1-0"]
[WhiteElo "2374"]
[BlackElo "2182"]

1.Nf3 Nf6 2.c4 g6 3.d4 Bg7 4.g3 d6 5.Bg2 O-O 6.O-O Nc6 7.Nc3 a6 8.b3 Rb8
9.Nd5 b5 10.Nxf6+ Bxf6 11.Bh6 Re8 12.Rc1 Bb7 13.d5 Na7 14.c5 c6 15.Nd4 dxc5
16.Nxc6 Bxc6 17.dxc6 Rc8 18.Rxc5 Qb6 19.Be3 Qc7 20.Qd7 Red8 21.Qxc7 Rxc7
22.Bf4 e5 23.Bxe5 Bxe5 24.Rxe5 Rd2 25.Rc1 Kf8 26.a4 Ra2 27.axb5 Nxb5 28.Rd1 Rb2
29.Rd8+ Kg7 30.Bd5 Nc3 31.Bf3 Kf6 32.Re3 Nb5 33.Red3 Rc2 34.R8d7 Rc5 35.Bd5 Rc2
36.Rf3+ Ke5 37.Rfxf7 R7xc6 38.f4+  1-0

[Event "4th ch-EU"]
[Site "Liverpool ENG"]
[Date "2008.09.14"]
[Round "6"]
[White "Rodriguez Lopez,Ra"]
[Black "Lam,P"]
[Result "1/2-1/2"]
[WhiteElo "2312"]
[BlackElo "2104"]

1.d4 Nf6 2.Nf3 g6 3.c4 Bg7 4.g3 O-O 5.Bg2 d6 6.O-O c6 7.Nc3 a6 8.e4 b5 9.e5 Ne8
10.c5 dxc5 11.dxc5 Qxd1 12.Rxd1 Nc7 13.Bg5 Re8 14.Nd4 Bd7 15.Bf4 g5 16.Bxg5 Bxe5
17.Bh6 Ne6 18.Nxe6 Bxe6 19.Rd2 Ra7 20.Rad1 Rc7 21.f4 Bxc3 22.Rd8 Rc8 23.Rxe8+ Rxe8
24.bxc3 f6 25.a3 Kf7 26.Be4 Bd5 27.Bxd5+ cxd5 28.f5 e6 29.fxe6+ Kxe6 30.Be3 Rc8
31.Bd4 Nd7 32.Rf1 Rc6 33.Rf4 Ke7 34.Rh4 Nxc5 35.Rxh7+ Ke8 36.Ra7 Ne4 37.Kg2 f5
38.Kf3 Nxc3 39.h4 Ne4 40.Kf4 Rh6 41.Kxf5 Nxg3+ 42.Kg5 Rc6 43.h5 Ne4+ 44.Kh4 Nd6
45.Be5 Nf7 46.Bg7 d4 47.Ra8+ Ke7 48.Ra7+ Ke8 49.Ra8+ Ke7 50.Ra7+ Ke8 51.Ra8+ Ke7
52.Ra7+ Ke8 53.Ra8+ Ke7  1/2-1/2

[Event "4th Pichay Cup"]
[Site "Manila PHI"]
[Date "2008.09.14"]
[Round "1"]
[White "Nguyen Anh Dung"]
[Black "Yap,K"]
[Result "1/2-1/2"]
[WhiteElo "2499"]
[BlackElo "2321"]

1.d4 Nf6 2.c4 g6 3.Nf3 Bg7 4.g3 O-O 5.Bg2 d6 6.O-O Nfd7 7.Nc3 Nc6 8.Rb1 e5
9.d5 Ne7 10.b4 f5 11.Qb3 h6 12.Rd1 Kh8 13.c5 b6 14.cxd6 cxd6 15.Ba3 Bb7 16.Nd2 e4
17.Nc4 Rc8 18.Rbc1 Nf6 19.Nb5 Bxd5 20.Nbxd6 Rxc4 21.Nxc4 b5 22.Rxd5 Nfxd5
23.Ne3 Nxe3 24.Qxe3 Qd7 25.Qb3 Qd2 26.Rd1 Qxe2 27.Bf1 Qh5 28.Rd7 Ng8 29.Bb2 Nf6  1/2-1/2

[Event "61st ch-RUS HL"]
[Site "Novokuznetsk RUS"]
[Date "2008.09.14"]
[Round "11"]
[White "Rychagov,A"]
[Black "Kalegin,E"]
[Result "1/2-1/2"]
[WhiteElo "2549"]
[BlackElo "2495"]

1.d4 Nf6 2.Nf3 g6 3.c4 Bg7 4.g3 O-O 5.Bg2 d6 6.O-O Nbd7 7.Nc3 e5 8.e4 c6
9.b3 Re8 10.Rb1 exd4 11.Nxd4 Nc5 12.Re1 Ng4 13.Bb2 Qf6 14.Nf3 Ne5 15.Nxe5 dxe5
16.Qc2 h5 17.Ne2 Bg4 18.b4 Bxe2 19.Rxe2 Ne6 20.f4 Qd8 21.Rf2 exf4 22.gxf4 Bxb2
23.Qxb2 Qd3 24.f5 Nd4 25.Kh1 Rad8 26.Rd2 Qe3 27.Rbd1 Rxe4 28.fxg6 Rf4 29.gxf7+ Kxf7
30.Rd3 Qe5 31.Qd2 Re8 32.Rxd4 Rxd4 33.Qxd4 Qxd4 34.Rxd4 Re1+ 35.Bf1 Rxf1+
36.Kg2 Ra1 37.Rd7+ Ke6  1/2-1/2

[Event "4th ch-EU"]
[Site "Liverpool ENG"]
[Date "2008.09.15"]
[Round "7"]
[White "Houska,Jo"]
[Black "Constantinou,Pe"]
[Result "0-1"]
[WhiteElo "2405"]
[BlackElo "2225"]

1.d4 g6 2.Nf3 Bg7 3.c4 d6 4.g3 Nf6 5.Bg2 O-O 6.O-O c6 7.b3 Bg4 8.h3 Bxf3
9.Bxf3 d5 10.Nc3 e6 11.Bg5 Nbd7 12.Qd2 Re8 13.Bg2 Qe7 14.Rac1 Rad8 15.Rfd1 a6
16.a4 Qf8 17.a5 h6 18.Be3 Kh7 19.Qc2 Qb4 20.Qa2 Qe7 21.Rc2 Ng8 22.Bc1 f5
23.Qa3 Qxa3 24.Bxa3 Ngf6 25.f3 Nh5 26.Kf2 f4 27.g4 Nhf6 28.Bc1 dxc4 29.bxc4 e5
30.d5 Nc5 31.e3 g5 32.Bf1 Kg8 33.h4 Nb3 34.hxg5 hxg5 35.Ba3 Bf8 36.Bxf8 Kxf8
37.Rb2 Nc5 38.Rb6 Rc8 39.Bd3 Nfd7 40.Rb2 cxd5 41.cxd5 Nxd3+ 42.Rxd3 Nc5 43.Rd1 Re7
44.Ne4 Nxe4+ 45.fxe4 Rh7 46.Kg2 Rc3 47.Re2 Rh4 48.Rh1 f3+ 49.Kxf3 Rxh1 50.Kg2 Rhc1
51.Kf3 R3c2  0-1

[Event "1st Women It"]
[Site "Tashkent UZB"]
[Date "2008.09.15"]
[Round "11"]
[White "Hamrakulova,Y"]
[Black "Sabirova,O"]
[Result "1-0"]
[WhiteElo "2145"]
[BlackElo "2185"]

1.d4 Nf6 2.c4 g6 3.Nf3 Bg7 4.g3 O-O 5.Bg2 d6 6.O-O Nbd7 7.Qc2 e5 8.Rd1 Qe7
9.Nc3 Re8 10.e4 exd4 11.Nxd4 Nc5 12.f3 c6 13.Rb1 a5 14.b3 h6 15.a3 Nh7 16.Nce2 Ng5
17.b4 axb4 18.axb4 Nce6 19.Nb3 Nc7 20.Bf4 Be5 21.Be3 Bg7 22.Bf4 Be5 23.Be3 Bg7
24.h4 Nge6 25.Bf2 Nf8 26.Nf4 f5 27.Qd2 fxe4 28.fxe4 Bg4 29.Re1 Ra3 30.Bd4 Rea8
31.Kh2 Nce6 32.Bxg7 Kxg7 33.Nxe6+ Nxe6 34.Na5 Ra4 35.Qc2 R4xa5 36.bxa5 Kh7
37.Qc3 c5 38.e5 Ra7 39.exd6 Qxd6 40.Qf6 Bf5 41.Rb6 Rxa5 42.Rxb7+  1-0

[Event "EYb18"]
[Site "Herceg Novi MNE"]
[Date "2008.09.16"]
[Round "2"]
[White "Volodin,Alek"]
[Black "Vajic,G"]
[Result "1-0"]
[WhiteElo "2397"]
[BlackElo "2061"]

1.d4 Nf6 2.c4 g6 3.Nf3 Bg7 4.g3 O-O 5.Bg2 d6 6.O-O Nc6 7.Nc3 a6 8.Qd3 e5
9.d5 Nb4 10.Qb1 a5 11.e4 Na6 12.h3 Nh5 13.Be3 f5 14.exf5 gxf5 15.Ng5 Qf6
16.Qd1 Qg6 17.h4 h6 18.Ne6 Rf7 19.Qe2 Bf6 20.Bf3 Ng7 21.h5 Qh7 22.Rad1 e4
23.Bg2 Nxe6 24.dxe6 Bxe6 25.f3 Bxc3 26.bxc3 Raf8 27.Bd4 Nc5 28.Bxc5 dxc5
29.fxe4 fxe4 30.Rxf7 Bxf7 31.Bxe4 Qg7 32.Kh2 Qg5 33.Bd5 b6 34.a4 Kg7 35.Bxf7 Rxf7
36.Rd5 Qf6 37.Kh3 Qf1+ 38.Qxf1 Rxf1 39.Rd7+ Kf6 40.Rxc7 Ra1 41.Rh7 Rxa4 42.Kh4 Rxc4+
43.g4 b5 44.Rxh6+ Kf7 45.Rb6 b4 46.Rb7+ Kg8 47.cxb4 cxb4 48.h6 a4 49.Kh5 a3
50.h7+ Kh8 51.g5 a2 52.Kh6 Rc8 53.Ra7  1-0

[Event "EYb18"]
[Site "Herceg Novi MNE"]
[Date "2008.09.16"]
[Round "2"]
[White "Martinovic,Sa"]
[Black "Green,An"]
[Result "1-0"]
[WhiteElo "2395"]
[BlackElo "2038"]

1.d4 g6 2.Nf3 Bg7 3.c4 d6 4.g3 Nf6 5.Bg2 O-O 6.O-O c6 7.Nc3 Qa5 8.h3 Be6
9.Nd2 Qa6 10.d5 cxd5 11.cxd5 Bd7 12.Nf3 Rc8 13.e4 Be8 14.Be3 Nbd7 15.Re1 Nc5
16.Bd4 Na4 17.Bf1 Qa5 18.Qd2 Rc7 19.Rab1 b5 20.Nxb5 Qxd2 21.Nxd2 Rc2 22.Nb3 Nd7
23.Bd3 Rcc8 24.Nxa7 Bxd4 25.Nxc8 Bf6 26.Bb5 Rxc8 27.Bxa4 Ne5 28.Bxe8 Nf3+
29.Kf1 Nxe1 30.Bxf7+ Kxf7 31.Kxe1 Rc2 32.Nd2 Rxb2 33.Rxb2 Bxb2 34.Ke2 h5
35.a4  1-0

[Event "4th ch-EU"]
[Site "Liverpool ENG"]
[Date "2008.09.16"]
[Round "8"]
[White "Rodriguez Lopez,Ra"]
[Black "Williams,Si1"]
[Result "1/2-1/2"]
[WhiteElo "2312"]
[BlackElo "2496"]

1.d4 Nf6 2.Nf3 g6 3.c4 Bg7 4.g3 O-O 5.Bg2 d6 6.O-O Nc6 7.Nc3 Bf5 8.d5 Na5
9.Nd4 Bd7 10.b3 c5 11.dxc6 bxc6 12.Bb2 Qc8 13.Qd2 Bh3 14.Rfe1 Rb8 15.Rab1 h5
16.Ne4 Bxg2 17.Nxf6+ Bxf6 18.Kxg2 Nb7 19.Nf3 g5 20.h4 Rd8 21.e4 Nc5 22.Qe3 Ne6
23.b4 a5 24.a3 axb4 25.axb4 Bg7 26.Bc3 Qa6 27.Qd3 d5 28.Be5 dxc4 29.Qc3 Rd3
30.Qc1 Rbd8 31.Bxg7 Kxg7 32.Ne5 R3d4 33.Nf3 R4d6 34.Ne5 Rd4  1/2-1/2

[Event "4th Pichay Cup"]
[Site "Manila PHI"]
[Date "2008.09.16"]
[Round "5"]
[White "Zhou Weiqi"]
[Black "Nguyen Van Huy"]
[Result "1-0"]
[WhiteElo "2556"]
[BlackElo "2386"]

1.Nf3 Nf6 2.c4 g6 3.d4 Bg7 4.g3 O-O 5.Bg2 d6 6.O-O Nbd7 7.Nc3 a6 8.b3 c5
9.Bb2 Rb8 10.a4 cxd4 11.Nxd4 Nc5 12.Rc1 Qb6 13.Ba3 e5 14.Nc2 Qxb3 15.Qxd6 Be6
16.Bxc5 Qxc3 17.Ne3 Qb2 18.Rb1 Qxe2 19.Qd1 Bxc4 20.Bxf8 Bxf8 21.Nxc4 Qxc4
22.Bxb7 a5 23.Rb5 Bb4 24.Qf3 Qe6 25.Bd5 Nxd5 26.Rxb8+ Kg7 27.Qb3 Qc6 28.Rb5 Nc3
29.Rxe5 Nxa4 30.Rd1 Nc5 31.Qc4 Qf3 32.Rdd5 Nb7 33.Qc6 Nd8 34.Qd7  1-0

[Event "4th Pichay Cup"]
[Site "Manila PHI"]
[Date "2008.09.16"]
[Round "5"]
[White "Xiu Deshun"]
[Black "Hoang Canh Huan"]
[Result "1-0"]
[WhiteElo "2410"]
[BlackElo "2339"]

1.d4 g6 2.c4 Bg7 3.Nf3 d6 4.g3 Nf6 5.Bg2 O-O 6.O-O c5 7.Nc3 Nc6 8.dxc5 dxc5
9.Be3 Nd7 10.Qc1 Nd4 11.Rd1 e5 12.Bh6 Re8 13.Bxg7 Kxg7 14.e3 Nc6 15.Nd5 Nb6
16.Qc3 f6 17.Nd2 Bg4 18.f3 Be6 19.Ne4 Bxd5 20.cxd5 Ne7 21.Qxc5 Nexd5 22.Nc3 Qe7
23.Rxd5 Nxd5 24.Qxd5 Rad8 25.Qb3 Rd3 26.Re1 Qc5 27.Qxb7+ Re7 28.Ne4 Rxe3
29.Qxe7+ Qxe7 30.Rxe3 f5 31.Nf2 Qb4 32.Rxe5 Kf6 33.f4 Qxb2 34.Bd5 a5 35.Re6+ Kg7
36.Re7+ Kh8 37.Kg2 Qd2 38.Re5 Kg7 39.h4 Kf6 40.Bb3 Kg7 41.Re7+ Kh8 42.Re8+ Kg7
43.Rg8+ Kf6 44.Rf8+ Kg7 45.Rf7+ Kh8 46.h5 a4 47.h6 Qd6 48.Bc4 a3 49.Kg1 g5
50.Rg7  1-0

[Event "Autumn-3"]
[Site "Alushta UKR"]
[Date "2008.09.18"]
[Round "7"]
[White "Amanov,M"]
[Black "Kutynec,V"]
[Result "1-0"]
[WhiteElo "2385"]
[BlackElo "2281"]

1.d4 Nf6 2.c4 g6 3.Nf3 Bg7 4.g3 O-O 5.Bg2 d6 6.O-O Nc6 7.Nc3 e5 8.d5 Ne7
9.e4 Ne8 10.b4 a5 11.Ba3 axb4 12.Bxb4 c5 13.dxc6 Nxc6 14.a3 Nxb4 15.axb4 Rxa1
16.Qxa1 Nc7 17.Rd1 Qe7 18.Qa5 f5 19.Qb6 Rd8 20.h4 Bf8 21.h5 Kg7 22.hxg6 hxg6
23.Nh4 Na8 24.Qa7 Be6 25.exf5 gxf5 26.Bd5 Kf6 27.Bxe6 Kxe6 28.Nd5 Qh7 29.Nf3 Bh6
30.Nd4+ exd4 31.Re1+ Be3 32.Qxd4  1-0

[Event "EYb12"]
[Site "Herceg Novi MNE"]
[Date "2008.09.18"]
[Round "4"]
[White "Tomsia,K"]
[Black "Berbatov,K"]
[Result "0-1"]
[WhiteElo "2075"]
[BlackElo "2250"]

1.d4 Nf6 2.c4 g6 3.Nf3 Bg7 4.g3 O-O 5.Bg2 d6 6.Nc3 Nc6 7.O-O a6 8.b3 Rb8
9.Bb2 b5 10.cxb5 axb5 11.Qc2 b4 12.Nd1 Na7 13.e4 Nd7 14.Ne3 Ba6 15.Rfd1 c6
16.a4 Qb6 17.e5 Rfd8 18.Nc4 Qc7 19.Bh3 d5 20.Ne3 e6 21.Rac1 Rbc8 22.Ng5 Re8
23.f4 Qb7 24.Bg2 h6 25.Nh3 c5 26.Qf2 Bf8 27.g4 Nc6 28.f5 cxd4 29.fxg6 Ndxe5
30.Nxd5 exd5 31.Bxd5 Nxg6 32.Nf4 Qd7 33.Nh5 Bg7 34.Nxg7 Qxd5 35.Nxe8 Rxe8
36.Re1 Nce5 37.Qg2 Qxb3 38.Kh1 Nh4 39.Qe4 Qxb2 40.Rc2 Qb3 41.Rc5 Qf3+  0-1

[Event "EYb10"]
[Site "Herceg Novi MNE"]
[Date "2008.09.18"]
[Round "4"]
[White "Minko,V"]
[Black "Pulpan,J"]
[Result "1-0"]
[WhiteElo "1800"]
[BlackElo "1955"]

1.d4 Nf6 2.c4 g6 3.Nf3 Bg7 4.g3 d6 5.Bg2 O-O 6.O-O Nbd7 7.Nc3 e5 8.dxe5 Nxe5
9.Nxe5 dxe5 10.Qc2 c6 11.e4 Be6 12.b3 Qc8 13.Ba3 Rd8 14.Rad1 Qc7 15.Rxd8+ Rxd8
16.Rd1 Bf8 17.Bxf8 Kxf8 18.Rd3 Ke7 19.Kf1 Rxd3 20.Qxd3 Qd6 21.Ke2 Qxd3+ 22.Kxd3 Ng4
23.f3 Nf6 24.Ke3 Nd7 25.Na4 Kd6 26.Nb2 Nc5 27.Nd3 Nxd3 28.Kxd3 c5 29.h4 h5
30.Ke3 f6 31.Kf2 Ke7 32.f4 Kd6 33.Bf3 Bg4 34.Bxg4 hxg4 35.f5 gxf5 36.exf5 b6
37.a3 a6 38.b4 a5 39.bxa5 bxa5 40.Ke3 Ke7 41.Ke4 a4 42.Kd5 Kd7 43.Kxc5  1-0

[Event "EYb18"]
[Site "Herceg Novi MNE"]
[Date "2008.09.19"]
[Round "5"]
[White "Anton,T"]
[Black "Can,E"]
[Result "0-1"]
[WhiteElo "2353"]
[BlackElo "2460"]

1.d4 Nf6 2.c4 g6 3.Nf3 Bg7 4.g3 O-O 5.Bg2 d6 6.O-O Nbd7 7.Nc3 e5 8.e4 exd4
9.Nxd4 Re8 10.h3 a6 11.Be3 Rb8 12.Qc2 c5 13.Nde2 b5 14.cxb5 axb5 15.Nf4 b4
16.Ncd5 Bb7 17.Rad1 Nxd5 18.Nxd5 Ne5 19.f4 Nc6 20.e5 Nd4 21.Bxd4 cxd4 22.Rxd4 dxe5
23.fxe5 Bxe5 24.Rdd1 Qg5 25.Qb3 Rf8 26.Rf3 Kh8 27.Re3 Rfe8 28.Kh1 Bd6 29.Rde1 Rxe3
30.Rxe3 Rc8 31.Kh2 h5 32.Qd3 Kh7 33.Nf6+ Qxf6 34.Bxb7 Qf2+ 35.Bg2 Bc5  0-1

[Event "Autumn-3"]
[Site "Alushta UKR"]
[Date "2008.09.23"]
[Round "12"]
[White "Amanov,M"]
[Black "Demchenko,A"]
[Result "1/2-1/2"]
[WhiteElo "2385"]
[BlackElo "2495"]

1.d4 Nf6 2.Nf3 g6 3.c4 Bg7 4.g3 O-O 5.Bg2 d6 6.O-O Nbd7 7.Qc2 e5 8.Rd1 Re8
9.Nc3 c6 10.e4 Qe7 11.d5 c5 12.a3 Rf8 13.b4 b6 14.b5 Ng4 15.h3 Nh6 16.a4 Kh8
17.a5 Bb7 18.Bd2 Ng8 19.Ra3 Bh6 20.Bxh6 Nxh6 21.Qd2 Kg7 22.Rda1 Rfb8 23.h4 Ng4
24.Bh3 Ngf6 25.axb6 axb6 26.Rxa8 Bxa8 27.Ra7 Bb7 28.Nh2 Qd8 29.Ng4 Nxg4 30.Bxg4 Nf6
31.Bh3 Qc7 32.Qa2 Re8 33.f3 Qb8 34.Kg2 Re7 35.Ra3 Re8 36.Ra7 Re7 37.Ra3 Re8
38.Ra7  1/2-1/2

[Event "Zvenigorodskaya Open A"]
[Site "Zvenigorod RUS"]
[Date "2008.09.26"]
[Round "3"]
[White "Kotsur,P"]
[Black "Potapov,Alexe"]
[Result "1-0"]
[WhiteElo "2566"]
[BlackElo "2329"]

1.d4 Nf6 2.c4 g6 3.Nf3 Bg7 4.g3 d6 5.Bg2 O-O 6.O-O c6 7.Nc3 Qa5 8.e4 Qh5
9.Ng5 Qxd1 10.Rxd1 h6 11.Nf3 Bg4 12.h3 Bxf3 13.Bxf3 Nbd7 14.Be3 a5 15.Rd2 a4
16.Rad1 Ra5 17.Be2 Rb8 18.a3 Ne8 19.f4 Nc7 20.Rc2 Ne6 21.e5 dxe5 22.dxe5 Ndc5
23.Bg4 f6 24.exf6 Bxf6 25.Nd5 cxd5 26.cxd5 Rd8 27.dxe6 Rxd1+ 28.Bxd1 Nxe6
29.Rd2 Kg7 30.Be2 Nc5 31.Kg2 b6 32.Bc4 Ra7 33.Bb5 Nb3 34.Rf2 Nd4 35.Bd3 Rd7
36.Be4 Rd6 37.Bd2 Nb3 38.Bb4 Nc5 39.Bb1 Rd1 40.Bc2 Ra1 41.Bxc5 bxc5 42.Bxa4 Rb1
43.b3 Ra1 44.Rc2 Bd4 45.Re2 Kf6 46.Bb5 Rxa3 47.Bc4 Ra7 48.Re6+ Kg7 49.g4 Bf6
50.Rc6 Ra5 51.Kf3 g5 52.Ke4 Kh7 53.Kf5 Ra2 54.fxg5 Bxg5 55.Rxc5 Rh2 56.b4 Rxh3
57.b5 Rf3+ 58.Ke5 Rf8 59.Ke6 Rf6+ 60.Kd7 Rd6+ 61.Kc8 Kg6 62.Be2 Bf6 63.Bf3 Bd4
64.Be4+ Kg7 65.Rh5 Re6 66.Bc6 Rg6 67.Bd7 e6 68.Rh4 Bf6 69.Rh3 Rxg4 70.Bxe6 Rb4
71.Bd7 Be5 72.Kb7 Rb2 73.Kc6 Bd4 74.Be6 Kg6 75.Bb3 Rf2 76.Rg3+ Kh7 77.Bg8+ Kh8
78.Be6 Rb2 79.Rg6 Be5 80.Bf5 h5 81.Re6 Bf4 82.b6 Kg7 83.b7 h4 84.Rg6+ Kf7
85.Rg4 Bg3 86.Bd3 Ke7 87.Bb5 Rc2+ 88.Kb6 Bc7+ 89.Ka6 Ra2+ 90.Ba4 h3 91.Rg7+ Kf6
92.Rxc7 Rxa4+ 93.Kb5 Ra3 94.Kc4 Ra4+ 95.Kc3 Ra3+ 96.Kb2 h2 97.Rc1 Rh3 98.b8=Q h1=Q
99.Rxh1 Rxh1 100.Qd6+ Kg7 101.Qc7+ Kf8 102.Qc8+ Ke7 103.Qb7+  1-0

[Event "ch-Commonwealth"]
[Site "Nagpur IND"]
[Date "2008.09.28"]
[Round "1"]
[White "Arun Prasad,S"]
[Black "Hardik,Me"]
[Result "1-0"]
[WhiteElo "2492"]
[BlackElo "2037"]

1.d4 Nf6 2.c4 g6 3.g3 Bg7 4.Bg2 d6 5.Nf3 O-O 6.O-O c5 7.d5 Na6 8.Nc3 Bd7
9.e4 Nc7 10.Re1 b5 11.e5 Nfe8 12.Bf4 bxc4 13.exd6 Nxd6 14.Ne5 Rb8 15.Qd2 Ncb5
16.Na4 Rc8 17.Rac1 c3 18.Nxc3 Bxe5 19.Bxe5 f6 20.Nxb5 Bxb5 21.Bf4 Nf5 22.b3 e5
23.dxe6 Qe7 24.Be3 Rfd8 25.Qa5 Nxe3 26.Rxe3 Bc6 27.Bf1 Bd5 28.Bb5 Kg7 29.Bd7 Rxd7
30.exd7 Qxd7 31.Rd1 Qb7 32.Qd2 Bf7 33.Qd6 Rc6 34.Qd8 Rc8 35.Rd7 Rxd8 36.Rxb7  1-0

[Event "Zvenigorodskaya Open A"]
[Site "Zvenigorod RUS"]
[Date "2008.09.28"]
[Round "6"]
[White "Zhumabayev,R"]
[Black "Zimmerman,Y"]
[Result "1-0"]
[WhiteElo "2442"]
[BlackElo "2318"]

1.d4 Nf6 2.Nf3 g6 3.g3 Bg7 4.Bg2 O-O 5.c4 d6 6.O-O Nc6 7.Nc3 a6 8.Qd3 Nd7
9.Be3 e5 10.Qd2 Rb8 11.Rac1 exd4 12.Nxd4 Nxd4 13.Bxd4 Ne5 14.b3 Be6 15.Rfd1 Qd7
16.Ba7 Rbd8 17.Be3 b6 18.Nd5 a5 19.Bh6 f6 20.Bxg7 Kxg7 21.Qb2 Rb8 22.Rd2 g5
23.Rc3 c5 24.f4 Bxd5 25.Rxd5 gxf4 26.gxf4 Ng6 27.Rg3 Kh8 28.e3 Qe7 29.Kf2 Rg8
30.Rdg5 Nh4 31.Rh5 Nxg2 32.Kxg2 Rxg3+ 33.hxg3 Rg8 34.Kf3 Re8 35.Qc3 Rg8 36.g4 Qf7
37.Qd3 Qd7 38.Rh4 Qe7 39.Kf2 Rg7 40.Qf5 Rg8 41.Rh6 Rf8 42.Kf3 Qb7+ 43.e4 Qg7
44.Rh1 Qe7 45.Rh2 Qg7 46.Qe6 Rg8 47.Rd2 a4 48.Rxd6 axb3 49.axb3 h5 50.Qxf6 hxg4+
51.Kg3 Qxf6 52.Rxf6 Rb8 53.Kxg4 b5 54.Rc6  1-0

[Event "ch-Commonwealth"]
[Site "Nagpur IND"]
[Date "2008.09.30"]
[Round "4"]
[White "Shubham,L"]
[Black "Annurudha,G"]
[Result "0-1"]
[WhiteElo "1885"]
[BlackElo "2218"]

1.d4 Nf6 2.Nf3 g6 3.g3 Bg7 4.Bg2 d6 5.c4 O-O 6.O-O Nc6 7.Nc3 e5 8.d5 Ne7
9.e4 Nd7 10.Ne1 f5 11.f3 f4 12.Ne2 g5 13.Nd3 Ng6 14.Bd2 Rf7 15.Qc2 Bf8 16.Bh3 Nf6
17.Bxc8 Rxc8 18.b4 c6 19.dxc6 bxc6 20.Rfd1 g4 21.Ne1 Qb6+ 22.Kg2 Rg7 23.c5 Qa6
24.Bc3 d5 25.exd5 Nxd5 26.Rxd5 cxd5 27.Nxf4 Nxf4+ 28.gxf4 e4 29.Bb2 Qh6 30.fxe4 Qh3+
31.Kf2 Qxh2+ 32.Ng2 g3+  0-1

[Event "ch-Commonwealth"]
[Site "Nagpur IND"]
[Date "2008.10.03"]
[Round "7"]
[White "Murshed,N"]
[Black "Shyam,SM"]
[Result "1/2-1/2"]
[WhiteElo "2437"]
[BlackElo "2312"]

1.Nf3 Nf6 2.c4 g6 3.d4 Bg7 4.g3 O-O 5.Bg2 d6 6.O-O Nc6 7.Nc3 Bd7 8.b3 e5
9.Bb2 exd4 10.Nxd4 Re8 11.Nc2 Bf5 12.Ne3 Rxe3 13.fxe3 Ng4 14.Rf3 Nce5 15.Qd2 Nxf3+
16.exf3 Nf6 17.f4 Rb8 18.e4 Be6 19.Re1 h5 20.Nd5 h4 21.Nxf6+ Bxf6 22.f5 Bxb2
23.Qxb2 gxf5 24.exf5 Bxf5 25.Qf2 Bg6 26.gxh4 Qd7 27.Qxa7 Re8 28.Qf2 Rxe1+
29.Qxe1 Qg4 30.h3 Qd4+ 31.Qf2 Qa1+ 32.Kh2 c6 33.Qg3 Kh7 34.h5 Bxh5 35.a4 Qd4
36.a5 Kh6 37.Qe1  1/2-1/2

[Event "1st WMSG Blitz Ind w"]
[Site "Beijing CHN"]
[Date "2008.10.04"]
[Round "5"]
[White "Golubenko,Valen"]
[Black "Ju Wenjun"]
[Result "0-1"]
[WhiteElo "2273"]
[BlackElo "2397"]

1.d4 Nf6 2.c4 g6 3.Nf3 Bg7 4.g3 O-O 5.Bg2 d6 6.O-O Nc6 7.Nc3 a6 8.e4 Bg4
9.Be3 Qd7 10.d5 Na5 11.Qd3 Bxf3 12.Bxf3 c5 13.dxc6 Nxc6 14.Bg2 Ne5 15.Qe2 Rac8
16.b3 b5 17.Nd5 Nxd5 18.cxd5 Ng4 19.Rac1 Nxe3 20.Qxe3 Bb2 21.Rb1 Bf6 22.Rfc1 Rxc1+
23.Rxc1 Rc8 24.h4 Rc7 25.Rxc7 Qxc7 26.h5 gxh5 27.Qh6 Qc2 28.Qxh5 Qxa2 29.e5 Bxe5
30.Be4 Kf8 31.Qf5 Qa1+ 32.Kg2 Qc3 33.Qxh7 Qxb3 34.Qf5 Qc3 35.Bf3 Bg7 36.Bh5 Bf6
37.Qh7 Ke8 38.Qxf7+ Kd8 39.Bg4 Kc7 40.Qe6 Kb6 41.Qe3+ Qxe3 42.fxe3 a5 43.Be2 a4
44.Bd1 Kc5 45.g4 a3 46.Bb3 Kb4 47.Ba2 Kc3 48.Kf3 b4 49.Kf4 b3 50.Bb1 a2 51.Bxa2 bxa2  0-1

[Event "ch-ESP KO 3rd-4th"]
[Site "Ceuta ESP"]
[Date "2008.10.04"]
[Round "4.2"]
[White "Teran Alvarez,I"]
[Black "Ibarra Jerez,JC"]
[Result "1-0"]
[WhiteElo "2442"]
[BlackElo "2496"]

1.Nf3 Nf6 2.c4 g6 3.g3 Bg7 4.d4 d6 5.Bg2 O-O 6.O-O Nc6 7.Nc3 a6 8.d5 Na5
9.b3 c5 10.dxc6 Nxc6 11.Bb2 Qa5 12.Nd5 Nxd5 13.Bxg7 Nc3 14.Bxc3 Qxc3 15.Rc1 Qa5
16.Qc2 Bf5 17.Qb2 Be4 18.h4 Rfd8 19.Rfd1 d5 20.c5 Qc7 21.b4 e5 22.e3 f6 23.a4 Ne7
24.Qb3 Kg7 25.Nd2 Bxg2 26.Kxg2 Rd7 27.e4 Rad8 28.b5 axb5 29.axb5 f5 30.exf5 Nxf5
31.Nf3 Re7 32.Rxd5 e4 33.Qc3+ Kh6 34.Rxf5 Qd7 35.Rf6 exf3+ 36.Qxf3 Qxb5 37.Rd6 Rde8
38.h5 Qe2 39.Qf4+ Kg7 40.hxg6 Rf8 41.Qd4+ Re5 42.gxh7 Kxh7 43.c6 bxc6 44.Rdxc6 Qf3+
45.Kg1 Qf5 46.Rc7+ Kg8 47.Qc4+ Rd5 48.Qc2 Rd3 49.Rc8 Qd5 50.Rxf8+ Kxf8 51.Qc8+ Kg7
52.Rc7+ Kf6 53.Qf8+ Ke5 54.Qf4+ Ke6 55.Qf7+ Ke5 56.Re7+  1-0

[Event "Chigorin Memorial"]
[Site "St Petersburg RUS"]
[Date "2008.10.05"]
[Round "2"]
[White "Ponfilenok,V"]
[Black "Zhukov,K"]
[Result "1/2-1/2"]
[WhiteElo "2440"]
[BlackElo "2183"]

1.d4 Nf6 2.Nf3 g6 3.g3 Bg7 4.Bg2 O-O 5.c4 d6 6.Nc3 Nbd7 7.O-O e5 8.e4 exd4
9.Nxd4 Re8 10.Re1 a6 11.b3 Rb8 12.Bb2 Qe7 13.Qd2 c5 14.Nf3 b5 15.Nd5 Qd8
16.Nxf6+ Bxf6 17.cxb5 axb5 18.Rad1 Bxb2 19.Qxb2 Qf6 20.Qxf6 Nxf6 21.e5 dxe5
22.Nxe5 Be6 23.Rc1 c4 24.bxc4 Bxc4 25.a4 Bd5 26.Bxd5 Nxd5 27.Rc5 Nb6 28.axb5 Na4
29.Rc4  1/2-1/2

[Event "Chigorin Memorial"]
[Site "St Petersburg RUS"]
[Date "2008.10.06"]
[Round "4"]
[White "Ponfilenok,V"]
[Black "Bronnikova,E"]
[Result "1-0"]
[WhiteElo "2440"]
[BlackElo "2293"]

1.d4 Nf6 2.Nf3 g6 3.c4 Bg7 4.g3 d6 5.Bg2 O-O 6.O-O Nc6 7.Nc3 a6 8.d5 Na5
9.Nd2 c5 10.Qc2 Rb8 11.b3 b5 12.Rb1 Bd7 13.Bb2 bxc4 14.bxc4 Qc7 15.Nce4 Rxb2
16.Rxb2 Nxe4 17.Bxe4 Bxb2 18.Qxb2 Rb8 19.Qc3 e5 20.f4 f5 21.fxe5 dxe5 22.d6 Qxd6
23.Bd5+ Be6 24.Bxe6+ Qxe6 25.Qxa5 Qd6 26.Nb3 Rc8 27.Qd2 Qe6 28.Qd5 Qxd5 29.cxd5 c4
30.Rc1 Kf7 31.Rc3 Ke7 32.Nd2 Rc5 33.Rxc4 Rxd5 34.Nb3  1-0

[Event "Belgrade Premier League"]
[Site "Belgrade SRB"]
[Date "2008.10.07"]
[Round "3"]
[White "Pavlovic,Drago"]
[Black "Cetkovic,Mi"]
[Result "0-1"]
[WhiteElo "2296"]
[BlackElo "2294"]

1.d4 Nf6 2.c4 g6 3.Nf3 Bg7 4.g3 O-O 5.Bg2 d6 6.O-O Nc6 7.Nc3 e5 8.d5 Ne7
9.e4 Ne8 10.Ne1 f5 11.Nd3 Nf6 12.f4 fxe4 13.Nxe4 Nxe4 14.Bxe4 Nf5 15.fxe5 dxe5
16.c5 Nd4 17.Rxf8+ Qxf8 18.Be3 Bf5 19.Bxf5 Nxf5 20.Qe2 Rd8 21.Rf1 Qe8 22.d6 cxd6
23.cxd6 Nxe3 24.Qxe3 Rxd6 25.Nc5 Qc6 26.Qb3+ Qd5 27.Nxb7 Qxb3 28.axb3 Rb6
29.Nc5 Rb5 30.Ne6 Rxb3 31.Rc1 Bh6 32.Rc2 Kf7 33.Nd8+ Ke7 34.Nc6+ Kd6 35.Kf1 a6
36.Na5 Rb5 37.Nc4+ Kd5 38.Na3 Rb4 39.Nb1 Kd4 40.Ke2 e4 41.Nc3 a5 42.Nd1 Rc4
43.Nc3 a4 44.Nb5+ Kc5 45.Nc3 Kb4 46.Nd5+ Kb3 47.Rxc4 Kxc4 48.Nb6+ Kb3 49.Kd1 Be3
50.Nd5 Bd4  0-1

[Event "1st WMSG Blitz Pair"]
[Site "Beijing CHN"]
[Date "2008.10.08"]
[Round "7"]
[White "Sachdev,T"]
[Black "Fierro Baquero,M"]
[Result "1-0"]
[WhiteElo "2425"]
[BlackElo "2361"]

1.d4 g6 2.Nf3 Bg7 3.c4 d6 4.g3 Nf6 5.Bg2 O-O 6.O-O c6 7.Nc3 Qa5 8.Qc2 Qh5
9.Re1 Bh3 10.Bh1 e5 11.dxe5 dxe5 12.Ng5 Bc8 13.Bg2 h6 14.Nge4 Ng4 15.h3 Nf6
16.Nxf6+ Bxf6 17.Kh2 g5 18.Ne4 Bg7 19.Nd6 Nd7 20.g4 Qg6 21.Qxg6 fxg6 22.Kg1 Nc5
23.Be3 Ne6 24.Be4 Kh7 25.Rad1 Nd4 26.Bc1 Rb8 27.Kg2 Rf6 28.Ne8 Rf8 29.Nxg7 Kxg7
30.e3 Ne6 31.b3 Kf6 32.Bb2 Rd8 33.Rxd8 Nxd8 34.Rd1 Nf7 35.f4 gxf4 36.exf4 Be6
37.fxe5+ Kg7 38.Kg3 Ng5 39.Bg2 Rf8 40.h4 Nf7 41.Be4 Re8 42.Rf1 Rd8 43.Rf6 Bc8
44.e6 Nd6 45.Rxg6+ Kf8 46.Bb1 Ne8 47.Rxh6 Rd2 48.Ba3+ Kg7 49.Rg6+ Kh8 50.Rh6+ Kg7
51.Rh7+ Kf6 52.Rh6+ Kg7 53.Rg6+ Kh8 54.Bb4 Re2 55.Bc3+ Kh7 56.Rf6+ Kg8 57.Rg6+ Kh7
58.Rg5+  1-0

[Event "Chigorin Memorial"]
[Site "St Petersburg RUS"]
[Date "2008.10.09"]
[Round "7"]
[White "Butuc,M"]
[Black "Pakhomov,E"]
[Result "0-1"]
[WhiteElo "2159"]
[BlackElo "2220"]

1.d4 Nf6 2.Nf3 g6 3.c4 Bg7 4.g3 O-O 5.Bg2 d6 6.O-O Nbd7 7.Nc3 e5 8.e4 exd4
9.Nxd4 Re8 10.h3 Nc5 11.Re1 h6 12.Bf4 Ne6 13.Nxe6 Bxe6 14.Nd5 Nd7 15.Qc2 c6
16.Nc3 Ne5 17.b3 Qf6 18.Rac1 g5 19.Bxe5 dxe5 20.c5 Rad8 21.Rcd1 Qe7 22.Ne2 Bf8
23.b4 a5 24.a3 Ra8 25.Qc3 axb4 26.axb4 Bg7 27.g4 Ra2 28.Ra1 Rea8 29.Rxa2 Rxa2
30.Nc1 Ra4 31.Nd3 Qd7 32.Nb2 Ra2 33.Rd1 Qe7 34.Nd3 Qd8 35.Nb2 Qf6 36.Nd3 Kh7
37.Ra1 Rxa1+ 38.Qxa1 Qd8 39.Qb1 Qd4 40.Ne1 Qc3 41.Nf3 Bf8 42.Qe1 Qb3 43.Qd2 Bg7
44.Kh2 Bf6 45.Qe1 Kg7 46.Qd2 Bc4 47.Qd6 Qb2 48.Qd2 Qa1 49.Qd6 Qb2 50.Qd2 Qa3
51.Qd6 Qc1 52.Qd2 Qa1 53.Qd6 Be2 54.Qd2 Bd1 55.Qd3 Bxf3 56.Bxf3 Qb2 57.Qc4 Qxf2+
58.Bg2 Qb2 59.Kg3 Be7 60.Bf1 Qd2 61.Be2 Kf8 62.Bf3 Bd8 63.Be2 Bc7 64.Bf3 b5
65.Qb3 Ke7 66.Qa3 h5 67.gxh5 f5 68.Qb3 f4+ 69.Kg4 Kf6 70.Qd1 Qf2 71.h6 Qh4+  0-1